000 01167nam a2200289 a 4500
001 BRCA_5012
005 20190320204913.0
008 291010s1748----mx-#######---#000-0#spa-#
041 _aspa
044 _amx
084 _aDOC77
_b.H87
_c1748
100 1 _aHurtado de Mendoza, Gaspar
_912787
245 1 0 _aDocumento firmado por Don Gaspar Hurtado de Mendoza
_cGaspar Hurtado de Mendoza.
260 _aMéxico
_c1748
300 _a[6] fojas
_c31 x 21 cm.
500 _aRelación de los gastos que se causaron en la fiesta de la aparición de la milagrosa de nuestra señora de Guadalupe.
500 _aEl documento contiene la leyenda DOC. #237.
500 _aPapel con marca de agua.
500 _aEstado de conservación: márgenes deteriorados y manchas de acidez.
506 0 _aFondo Reservado. Para su consulta es necesario credencial de usuario y carta de motivos.
546 _aTexto en: Español de mediados del siglo XVIII.
600 1 4 _aHurtado de Mendoza, Gaspar
_xHistoria
_912788
650 1 4 _aFestividades religiosas
_vManuscrito
_zMéxico
_912789
651 4 _aMéxico
_xHistoria
_yColonia, 1521-1821
_912461
902 _aFDH
942 _2lcc
_cD
999 _c4706
_d4706